| 000 | 00719nam a22002537a 4500 | ||
|---|---|---|---|
| 001 | 5564 | ||
| 003 | FISKH | ||
| 005 | 20241217164758.0 | ||
| 008 | 241217b cb ||||| |||| 00| 0 eng d | ||
| 020 | _a9780545436885 | ||
| 040 |
_aFISKH _beng _cFISKH _dFISKH |
||
| 100 | _aEvans, Lynette | ||
| 245 |
_aFrom mud to marble / _cby Lynette Evans |
||
| 260 |
_aSydney : _bWeldon Owen Pty Ltd ; _c2012. |
||
| 300 |
_a28 pages : _bcolor illustrations ; _c22 cm . |
||
| 490 | _aInvestigate architecture | ||
| 505 | _aW | ||
| 521 | 8 |
_a880
_bLexile NC |
|
| 521 | 8 |
_aW
_bRaz-Plus |
|
| 650 |
_aarchitecture _vNon-fiction |
||
| 700 |
_aScarlett, Kay _eManaging Director |
||
| 942 |
_2ddc _cBK _n0 |
||
| 999 |
_c5564 _d5564 |
||